000 00456nam a22001577a 4500
003 PILC
005 20150112093447.0
008 131011t xxu||||| |||| 00| 0 eng d
020 _a01153005
050 _aDS 651
_b.P552 2002
082 _aSFf 030
_bP53 2002
245 _aThe Philippines yearbook 2002 /
260 _aManila, Philippines ;
_bDaiichi Publishers Co., Ltd.
_c2002.
300 _a372 pages :
_bcolored illustration ;
_c30 cm.
942 _2lcc
_cBK
999 _c14941
_d14941